Central Corneal Thickness and Corneal Diameter in Preterm and Term Newborns and Preterm Neonates at Term Age. (Record no. 1851732)

MARC details
000 -LEADER
fixed length control field 00904nam a2200349Ia 4500
005 - DATE AND TIME OF LATEST TRANSACTION
control field 20260514124347.0
008 - FIXED-LENGTH DATA ELEMENTS--GENERAL INFORMATION
fixed length control field 008 261405s9999 xx 000 0 eng d
037 ## -
-- Thesis
040 ## - CATALOGING SOURCE
-- CRL
040 ## - CATALOGING SOURCE
Language of cataloging eng
040 ## - CATALOGING SOURCE
Transcribing agency CRL
041 ## - LANGUAGE CODE
Language code of text eng
084 ## - COLON CLASSIFICATION NUMBER
-- CRL
100 ## - MAIN ENTRY--PERSONAL NAME
Student/researcher name Sehrawat Dr.Prateek
245 #0 - TITLE STATEMENT
Title Central Corneal Thickness and Corneal Diameter in Preterm and Term Newborns and Preterm Neonates at Term Age.
260 ## - PUBLICATION, DISTRIBUTION, ETC.
Place of publication, distribution, etc. Delhi
260 ## - PUBLICATION, DISTRIBUTION, ETC.
Name of publisher, distributor, etc. University of Delhi
260 ## - PUBLICATION, DISTRIBUTION, ETC.
Date of publication, distribution, etc. 2015
300 ## - PHYSICAL DESCRIPTION
Extent 78p.
502 ## - Thesis Note
Degree type Ph.D.
502 ## - Thesis Note
Name of granting institution University of Delhi
502 ## - Thesis Note
Year degree granted 2015
650 ## - SUBJECT ADDED ENTRY--TOPICAL TERM
LCSH or local subjects Ophthalmology
700 ## - ADDED ENTRY--PERSONAL NAME
Supervisor / Guide name Dr.Rajiv Garg,
700 ## - ADDED ENTRY--PERSONAL NAME
Supervisor / Guide name Dr.Sarita Beri,
700 ## - ADDED ENTRY--PERSONAL NAME
Supervisor / Guide name Dr.Vikram Datta
942 ## - ADDED ENTRY ELEMENTS (KOHA)
Koha item type Thesis
100 ## - MAIN ENTRY--PERSONAL NAME
-- 1239565
541 ## - IMMEDIATE SOURCE OF ACQUISITION NOTE
-- Thesis
700 ## - ADDED ENTRY--PERSONAL NAME
-- 1239548
700 ## - ADDED ENTRY--PERSONAL NAME
-- 1239549
700 ## - ADDED ENTRY--PERSONAL NAME
-- 1239566
710 ## - ADDED ENTRY--CORPORATE NAME
-- 1239537
999 ## -
-- 1851732
-- 1851732
Holdings
Withdrawn status Lost status Not for loan Home library Current library Date acquired Accession Number Koha item type
      Central Library Central Library 2026-05-14 TH0028071 Thesis
Copyright @ Delhi University Library System